000 01510cam a2200325 a 4500
005 20260322212037.0
007 data
008 data
010 _a 2007025678
020 _a9780071497084 (alk. paper)
020 _a0071497080 (alk. paper)
040 _aDLC
_cDLC
_dDLC
_dBTCTA
_dBAKER
_dJED
_dYDX
_dOCLCQ
_dDLC
050 0 0 _aGV481
_b.B275 2008
082 0 0 _a613.7
_222
092 _a613.7 B275 2008
100 1 _aBasedow, John.
245 1 0 _aFitness made simple :
_bthe power to change your body, the power to change your life /
_cJohn Basedow & Tom McGrath.
260 _aNew York :
_bMcGraw-Hill,
_cc2008.
300 _axi, 273 p. :
_bill. ;
_c24 cm. +
_e1 videodisc (DVD : sd., col. ; 4 3/4 in.)
505 0 _aIntroduction -- The power to change your life -- The fitness triangle -- My top 10 tips for living lean & healthy -- Nutrition made simple -- The FMS 40 -- The first four weeks -- FMS faqs -- Exercise made simple -- The FMS workout plan -- Supplements made simple -- Fitness made permanent -- The power to be better.
650 0 _aPhysical fitness.
650 0 _aExercise.
650 0 _aMuscle strength.
650 0 _aNutrition.
700 1 _aMcGrath, Tom.
856 4 2 _3Contributor biographical information
_uhttp://www.loc.gov/catdir/enhancements/fy0742/2007025678-b.html
856 4 2 _3Publisher description
_uhttp://www.loc.gov/catdir/enhancements/fy0742/2007025678-d.html
856 4 1 _3Table of contents only
_uhttp://www.loc.gov/catdir/enhancements/fy0742/2007025678-t.html
001 data
999 _c859
_d859